000 00981naa a2200289 c 4500
001 40729
003 ES-MaCES
005 20101006105100.0
008 101006n2010 sp t 000 | spa d
035 _aCES20100010685v
040 _aES-MaCES
_bspa
_cES-MaCES
100 1 _aAyala, José Enrique de
_96774
245 1 0 _aCrece el nacionalismo, un nuevo problema en la Unión Europea
_cJosé Enrique de Ayala
650 4 _aEuropa
_926940
650 4 _aidentidad cultural
_929870
650 4 _acomportamiento
_927271
650 4 _anacionalismo
_927126
650 4 _aelección
_927234
650 4 _aideología
_927272
650 4 _apartido político
_927243
650 4 _ateoría política
_927233
653 1 0 _aCiencias Sociales-Políticas
773 0 _tPolítica exterior
_gvol. 24, n. 136 (jul.-ag. 2010){10110 R. 077401}; p. 14-20
_w(ES-MaCES)25128
_936168
902 _aART Artículo de revista
942 _2CES
_cAR
_h7.0.
999 _c40729
_d40729